[Event "IECG WC.2008.S.00011"]
[Site "IECG email"]
[Date "2005.07.17"]
[Round "?"]
[White "Durand, Jean Philippe"]
[Black "Martello, Juan Alberto"]
[Result "0-1"]
[WhiteElo "1908"]
[BlackElo "2222"]
[PlyCount "37"]
[EventDate "2005.07.17"]
[EventType "tourn (corr)"]
[EventRounds "6"]
[SourceTitle "Corr 2008"]
[Source "ChessBase"]
[SourceDate "2008.06.24"]
[SourceVersion "1"]
[SourceVersionDate "2008.06.24"]
[SourceQuality "1"]

1. e4 c5 2. Nf3 d6 3. d4 cxd4 4. Nxd4 Nf6 5. Nc3 a6 6. f4 Qc7 7. a4 g6 8. Be2 Bg7 9. Be3 0-0 10. 0-0 Nbd7 11. f5 Nb6 12. a5 Nc4 13. Bxc4 Qxc4 14. Na4 Rb8 15. Nb6 Qc7 16. Qd3 Bd7 17. Rae1 Ng4 18. c3 Ne5 19. Qe2 0-1

[Event "IECG TE.2003.S.01301 email"]
[Site "IECG email"]
[Date "2005.01.21"]
[Round "?"]
[White "Durand, Jean Philippe"]
[Black "Nenciulescu, Silviu Catalin"]
[Result "1/2-1/2"]
[WhiteElo "1908"]
[BlackElo "2069"]
[PlyCount "54"]
[EventDate "2005.01.21"]
[EventType "tourn (corr)"]
[EventRounds "12"]
[SourceTitle "Corr 2008"]
[Source "ChessBase"]
[SourceDate "2008.06.24"]
[SourceVersion "1"]
[SourceVersionDate "2008.06.24"]
[SourceQuality "1"]

1. e4 c5 2. Nf3 Nc6 3. d4 cxd4 4. Nxd4 Nf6 5. Nc3 e6 6. Nxc6 bxc6 7. e5 Nd5 8. Ne4 Qc7 9. f4 Qb6 10. c4 Bb4+ 11. Ke2 f5 12. Nf2 Ba6 13. Kf3 Ne7 14. Be3 Bc5 15. Bxc5 Qxc5 16. Qd6 Qb6 17. b3 c5 18. Rd1 Bb7+ 19. Kg3 Rd8 20. Be2 Nc8 21. Qxb6 axb6 22. Rhe1 Ke7 23. a3 d6 24. b4 Ba6 25. h4 Rd7 26. Bd3 Rhd8 27. Re3 cxb4 1/2-1/2

[Event "IECG TE.2005.S.01301"]
[Site "IECG email"]
[Date "2005.01.21"]
[Round "?"]
[White "Durand, Jean Philippe"]
[Black "Vidalina, Franjo"]
[Result "1-0"]
[WhiteElo "1908"]
[BlackElo "2274"]
[PlyCount "55"]
[EventDate "2005.01.21"]
[EventType "tourn (corr)"]
[EventRounds "8"]
[SourceTitle "Corr 2008"]
[Source "ChessBase"]
[SourceDate "2008.06.24"]
[SourceVersion "1"]
[SourceVersionDate "2008.06.24"]
[SourceQuality "1"]

1. e4 c5 2. Nf3 Nc6 3. d4 cxd4 4. Nxd4 Nf6 5. Nc3 e6 6. Nxc6 bxc6 7. e5 Nd5 8. Ne4 Qc7 9. f4 Qb6 10. c4 Ne3 11. Qd3 Nf5 12. g4 Nd4 13. Bg2 h5 14. g5 Ba6 15. b3 Nf5 16. Ng3 Bb4+ 17. Bd2 h4 18. Nxf5 Bxd2+ 19. Qxd2 exf5 20. 0-0-0 0-0-0 21. Rhe1 Rhe8 22. Qd4 Re6 23. c5 Qc7 24. Kb1 Qa5 25. Re3 Kb7 26. Bh3 g6 27. Bg2 Ka8 28. Rh3 1-0

[Event "IECG TE.2003.S.01301 email"]
[Site "IECG email"]
[Date "2005.01.21"]
[Round "?"]
[White "Nenciulescu, Silviu Catalin"]
[Black "Durand, Jean Philippe"]
[Result "0-1"]
[WhiteElo "2069"]
[BlackElo "1908"]
[PlyCount "56"]
[EventDate "2005.01.21"]
[EventType "tourn (corr)"]
[EventRounds "12"]
[SourceTitle "Corr 2008"]
[Source "ChessBase"]
[SourceDate "2008.06.24"]
[SourceVersion "1"]
[SourceVersionDate "2008.06.24"]
[SourceQuality "1"]

1. e4 c5 2. Nf3 Nc6 3. d4 cxd4 4. Nxd4 Nf6 5. Nc3 e6 6. Nxc6 bxc6 7. Bd3 d5 8. 0-0 Be7 9. Re1 0-0 10. e5 Nd7 11. Qh5 f5 12. Bd2 Rb8 13. Rab1 Qc7 14. Bf4 Rb4 15. Ne2 Nxe5 16. b3 Bd6 17. a3 Rb6 18. Rbd1 Bxa3 19. Be3 Rb8 20. Nf4 Bd6 21. Ra1 Ng4 22. Rxa7 Rb7 23. Rxb7 Qxb7 24. Nh3 Qb4 25. Re2 e5 26. Bd2 Qd4 27. Ng5 Nf6 28. Qh3 e4 0-1

[Event "IECG QA.2004.0.00049"]
[Site "IECG email"]
[Date "2004.03.08"]
[Round "?"]
[White "Durand, Jean Philippe"]
[Black "Kleinsorgen, Horst M"]
[Result "0-1"]
[WhiteElo "1917"]
[BlackElo "2084"]
[PlyCount "120"]
[EventDate "2004.03.08"]
[EventType "tourn (corr)"]
[EventRounds "6"]
[SourceTitle "Corr 2008"]
[Source "ChessBase"]
[SourceDate "2008.06.24"]
[SourceVersion "1"]
[SourceVersionDate "2008.06.24"]
[SourceQuality "1"]

1. e4 c5 2. Nf3 e6 3. d4 cxd4 4. Nxd4 Nf6 5. Nc3 d6 6. Be3 Be7 7. Qf3 Nc6 8. Be2 0-0 9. Rd1 Nxd4 10. Bxd4 Qa5 11. Qd3 e5 12. Be3 Be6 13. 0-0 Rac8 14. a3 a6 15. Nd5 Nxd5 16. exd5 Bd7 17. Qb3 b5 18. c3 g5 19. f3 f5 20. Qc2 Qa4 21. Qxa4 bxa4 22. Rd2 Bb5 23. Rc1 Bxe2 24. Rxe2 Kf7 25. c4 h5 26. Bf2 Bf6 27. Kf1 g4 28. h3 gxh3 29. gxh3 Rfd8 30. Bb6 Rd7 31. Ba5 Ke7 32. Rec2 Bg5 33. Re1 Rb7 34. Bb4 Bf6 35. c5 dxc5 36. Rxc5 Rxc5 37. Bxc5+ Kd7 38. Bb4 Rb5 39. Rd1 e4 40. Bc3 Bxc3 41. bxc3 Rb3 42. fxe4 fxe4 43. Rd4 Rxa3 44. Rxe4 a5 45. Kg2 Kd6 46. Rh4 Rxc3 47. Rxa4 Rc5 48. Kf3 Kxd5 49. Ke3 Kc6 50. Kd4 Kb6 51. Ra3 Rc1 52. Kd3 Kb5 53. Kd2 Rc5 54. Rb3+ Ka4 55. Re3 Kb4 56. Re8 a4 57. Rb8+ Rb5 58. Rh8 Kb3 59. Kc1 h4 60. Rd8 Rc5+ 0-1

[Event "IECG WC.2008.P.00002 email"]
[Site "IECG email"]
[Date "2004.03.05"]
[Round "?"]
[White "Dibley, Shane"]
[Black "Durand, Jean Philippe"]
[Result "0-1"]
[WhiteElo "2126"]
[BlackElo "1917"]
[PlyCount "52"]
[EventDate "2004.03.05"]
[EventType "tourn (corr)"]
[EventRounds "6"]
[SourceTitle "Corr 2008"]
[Source "ChessBase"]
[SourceDate "2008.06.24"]
[SourceVersion "1"]
[SourceVersionDate "2008.06.24"]
[SourceQuality "1"]

1. e4 e5 2. Nf3 Nc6 3. Bb5 a6 4. Ba4 Nf6 5. 0-0 Nxe4 6. d4 b5 7. Bb3 d5 8. dxe5 Be6 9. Qe2 Be7 10. Rd1 0-0 11. c4 bxc4 12. Bxc4 Bc5 13. Be3 Bxe3 14. Qxe3 Qb8 15. Bb3 Qb6 16. Qe2 Rad8 17. Nc3 Nxc3 18. bxc3 Rfe8 19. Nd4 Bc8 20. Nf3 Qc5 21. Qe3 Qxe3 22. fxe3 Nxe5 23. Bxd5 Kf8 24. Nxe5 Rxe5 25. e4 Ke7 26. Rd4 c5 0-1

[Event "IECG WC.2008.P.00002 email"]
[Site "IECG email"]
[Date "2004.03.05"]
[Round "?"]
[White "Sherwood, Russell"]
[Black "Durand, Jean Philippe"]
[Result "1/2-1/2"]
[WhiteElo "1620"]
[BlackElo "1917"]
[PlyCount "73"]
[EventDate "2004.03.05"]
[EventType "tourn (corr)"]
[EventRounds "6"]
[SourceTitle "Corr 2008"]
[Source "ChessBase"]
[SourceDate "2008.06.24"]
[SourceVersion "1"]
[SourceVersionDate "2008.06.24"]
[SourceQuality "1"]

1. e4 e6 2. d4 d5 3. Nd2 Nf6 4. e5 Nfd7 5. Bd3 c5 6. c3 Nc6 7. Ne2 cxd4 8. cxd4 Qb6 9. Nf3 f6 10. exf6 Nxf6 11. 0-0 Bd6 12. b3 0-0 13. Bf4 Nxd4 14. Nfxd4 e5 15. Be3 exd4 16. Bxd4 Bc5 17. Rc1 Bxd4 18. Nxd4 Bg4 19. Qd2 Ne4 20. Qe3 Rae8 21. Nb5 Qxe3 22. fxe3 Nf6 23. Rc3 g6 24. Re1 Re7 25. h3 Bd7 26. Nd4 Rfe8 27. Rc7 Rxe3 28. Rxe3 Rxe3 29. Bc2 Bc6 30. Nxc6 bxc6 31. Rxc6 Kf7 32. Rc7+ Re7 33. Rxe7+ Kxe7 34. Kf2 Ke6 35. Kf3 g5 36. b4 Ke5 37. Ke3 1/2-1/2

[Event "IECG RI.2003.0.00014 email"]
[Site "IECG email"]
[Date "2003.11.18"]
[Round "?"]
[White "Starace, Umberto"]
[Black "Durand, Jean Philippe"]
[Result "0-1"]
[WhiteElo "1847"]
[BlackElo "1839"]
[PlyCount "64"]
[EventDate "2003.11.18"]
[EventType "tourn (corr)"]
[EventRounds "6"]
[SourceTitle "Corr 2008"]
[Source "ChessBase"]
[SourceDate "2008.06.24"]
[SourceVersion "1"]
[SourceVersionDate "2008.06.24"]
[SourceQuality "1"]

1. e4 e6 2. d4 d5 3. Nc3 Bb4 4. e5 c5 5. a3 Bxc3+ 6. bxc3 Ne7 7. a4 Nbc6 8. Nf3 Qa5 9. Qd2 Bd7 10. Bd3 f6 11. 0-0 fxe5 12. Nxe5 Nxe5 13. dxe5 0-0 14. c4 Qc7 15. cxd5 exd5 16. Qg5 Bf5 17. Re1 Rae8 18. Bb2 Bxd3 19. cxd3 Ng6 20. e6 Qf4 21. Qg3 d4 22. Ba3 b6 23. Re2 Qf5 24. Rae1 Nf4 25. Re4 Nh5 26. Qh4 g5 27. Rg4 h6 28. f3 Rxe6 29. Rxe6 Qxe6 30. Re4 gxh4 31. Rxe6 Nf4 32. Rxh6 Re8 0-1

[Event "IECG TE.2003.P.01314 email"]
[Site "IECG email"]
[Date "2003.11.11"]
[Round "1"]
[White "Rosch, Hermann V"]
[Black "Durand, Jean Philippe"]
[Result "1-0"]
[WhiteElo "2297"]
[BlackElo "1839"]
[PlyCount "95"]
[EventDate "2003.11.11"]
[EventType "tourn (corr)"]
[EventRounds "12"]
[SourceTitle "Corr 2024"]
[Source "ChessBase"]
[SourceDate "2023.10.19"]
[SourceVersion "1"]
[SourceVersionDate "2023.10.19"]
[SourceQuality "1"]

1. e4 c5 2. Nf3 Nc6 3. d4 cxd4 4. Nxd4 Nf6 5. Nc3 e6 6. Ndb5 Bb4 7. Bf4 Nxe4 8. Qf3 d5 9. Nc7+ Kf8 10. 0-0-0 Bxc3 11. bxc3 e5 12. Nxd5 Ng5 13. Bxg5 Qxg5+ 14. Kb2 Qg4 15. Be2 Qxf3 16. Bxf3 h5 17. h3 Bf5 18. Nc7 Rb8 19. g4 Bg6 20. g5 h4 21. Rhg1 a6 22. Bg4 e4 23. Nd5 Ne5 24. Nf4 Bh7 25. Rd5 Ng6 26. Nxg6+ Bxg6 27. c4 Kg8 28. c5 Kh7 29. Bd7 Rhd8 30. Rg4 Kg8 31. Rxh4 Kf8 32. c4 Ke7 33. Bg4 f6 34. gxf6+ gxf6 35. Rh6 Kf7 36. Bd7 Rg8 37. Rd6 Kg7 38. Rh4 f5 39. Rf4 Rgf8 40. Kc3 Rf6 41. Rd5 Rh8 42. h4 Rhf8 43. Kd4 Bh7 44. Ke5 R8f7 45. Bc8 Bg6 46. a3 a5 47. Kd4 a4 48. Re5 1-0

[Event "IECG CB.2003.0.00098 email"]
[Site "IECG email"]
[Date "2003.11.02"]
[Round "?"]
[White "Ottaviani, Mauro"]
[Black "Durand, Jean Philippe"]
[Result "1/2-1/2"]
[WhiteElo "1942"]
[BlackElo "1839"]
[PlyCount "53"]
[EventDate "2003.11.02"]
[EventType "tourn (corr)"]
[EventRounds "6"]
[SourceTitle "Corr 2008"]
[Source "ChessBase"]
[SourceDate "2008.06.24"]
[SourceVersion "1"]
[SourceVersionDate "2008.06.24"]
[SourceQuality "1"]

1. e4 e5 2. Nf3 Nc6 3. Bb5 a6 4. Ba4 Nf6 5. 0-0 Be7 6. Re1 b5 7. Bb3 d6 8. c3 0-0 9. h3 Na5 10. Bc2 c5 11. d4 Qc7 12. Nbd2 Bd7 13. Nf1 Rfe8 14. Ne3 cxd4 15. cxd4 Rac8 16. Bd2 Bd8 17. d5 Qb8 18. Bd3 Bb6 19. Qe2 Nh5 20. b3 Nb7 21. b4 Nf4 22. Qf1 Qa7 23. Bc2 a5 24. a3 Rc7 25. Bd3 Nxd3 26. Qxd3 Rec8 27. Kh2 1/2-1/2

[Event "IECG RI.2003.0.00013 email"]
[Site "IECG email"]
[Date "2003.10.25"]
[Round "?"]
[White "Starace, Umberto"]
[Black "Durand, Jean Philippe"]
[Result "1/2-1/2"]
[WhiteElo "1847"]
[BlackElo "1839"]
[PlyCount "58"]
[EventDate "2003.10.25"]
[EventType "tourn (corr)"]
[EventRounds "6"]
[SourceTitle "Corr 2008"]
[Source "ChessBase"]
[SourceDate "2008.06.24"]
[SourceVersion "1"]
[SourceVersionDate "2008.06.24"]
[SourceQuality "1"]

1. e4 e6 2. d4 d5 3. Nc3 Bb4 4. e5 c5 5. a3 Bxc3+ 6. bxc3 Ne7 7. Qg4 Kf8 8. Nf3 Qa5 9. Bd2 Qa4 10. Ra2 b6 11. Bd3 Ba6 12. 0-0 Bxd3 13. cxd3 c4 14. Ng5 h6 15. Qh5 g6 16. Qh4 Nd7 17. dxc4 Qxc4 18. Rb2 Nf5 19. Qh3 Kg7 20. Nf3 Rac8 21. Qg4 Qd3 22. h4 Qe4 23. Qh3 h5 24. a4 Qg4 25. Qh2 a5 26. Rb3 Rc4 27. Ra3 Rhc8 28. Re1 R8c7 29. Re2 R7c6 1/2-1/2

[Event "IECG CP.2003.P.00094 email"]
[Site "IECG email"]
[Date "2003.10.01"]
[Round "?"]
[White "Kopasov, Evgeny Aleksandrovi"]
[Black "Durand, Jean Philippe"]
[Result "1-0"]
[WhiteElo "2103"]
[BlackElo "1839"]
[PlyCount "94"]
[EventDate "2003.10.01"]
[EventType "tourn (corr)"]
[EventRounds "6"]
[EventCountry "RUS"]
[SourceTitle "Corr 2008"]
[Source "ChessBase"]
[SourceDate "2008.06.24"]
[SourceVersion "1"]
[SourceVersionDate "2008.06.24"]
[SourceQuality "1"]

1. d4 Nf6 2. c4 g6 3. Nc3 d5 4. Bf4 Bg7 5. e3 c5 6. dxc5 Qa5 7. Rc1 dxc4 8. Bxc4 0-0 9. Nge2 Qxc5 10. Qb3 Nc6 11. Nb5 Qh5 12. Ng3 Qh4 13. Nc7 e5 14. Bxe5 Nxe5 15. Nxa8 Bd7 16. Nc7 Bc6 17. Nd5 Nxd5 18. Bxd5 Bxd5 19. Qxd5 Rd8 20. Qxb7 Nd3+ 21. Ke2 Nxc1+ 22. Rxc1 Be5 23. b3 Bxg3 24. hxg3 Qh5+ 25. Qf3 Qa5 26. Rc2 Qe5 27. Qc6 Qh5+ 28. g4 Qxg4+ 29. Qf3 Qe6 30. Kf1 Qd6 31. Kg1 Kg7 32. g3 Qe5 33. Kg2 Rd3 34. Qf4 Qd5+ 35. e4 Qe6 36. Rc5 Rd7 37. Qe5+ Qxe5 38. Rxe5 f5 39. exf5 Kf6 40. Ra5 gxf5 41. Kf3 Kg5 42. g4 Rd3+ 43. Ke2 Rd7 44. f3 Rf7 45. Ke3 Kg6 46. Rxf5 Rxf5 47. gxf5+ Kxf5 1-0

[Event "IECG CB.2003.0.00093 email"]
[Site "IECG email"]
[Date "2003.09.21"]
[Round "1"]
[White "Starace, Umberto"]
[Black "Durand, Jean Philippe"]
[Result "0-1"]
[WhiteElo "1847"]
[BlackElo "1839"]
[PlyCount "48"]
[EventDate "2003.09.21"]
[EventType "tourn (corr)"]
[EventRounds "6"]
[SourceTitle "Corr 2008"]
[Source "ChessBase"]
[SourceDate "2008.06.24"]
[SourceVersion "1"]
[SourceVersionDate "2008.06.24"]
[SourceQuality "1"]

1. e4 e6 2. d4 d5 3. Nc3 Bb4 4. e5 c5 5. a3 Bxc3+ 6. bxc3 Ne7 7. Qg4 0-0 8. Nf3 Nbc6 9. Bd3 f5 10. exf6 Rxf6 11. Bg5 e5 12. Bxh7+ Kxh7 13. Qh5+ Kg8 14. Bxf6 gxf6 15. dxe5 Qf8 16. c4 d4 17. exf6 Qxf6 18. Qxc5 Bf5 19. Rc1 Ng6 20. Kd2 b6 21. Qb5 a6 22. Qd5+ Kh8 23. c5 Rd8 24. Qb3 Be6 0-1

[Event "IECG RI.2003.0.00012 email"]
[Site "IECG email"]
[Date "2003.08.31"]
[Round "?"]
[White "Durand, Jean Philippe"]
[Black "Garibaldi, Lucio Manuel"]
[Result "1/2-1/2"]
[WhiteElo "1600"]
[BlackElo "1875"]
[PlyCount "48"]
[EventDate "2003.08.31"]
[EventType "tourn (corr)"]
[EventRounds "6"]
[SourceTitle "Corr 2008"]
[Source "ChessBase"]
[SourceDate "2008.06.24"]
[SourceVersion "1"]
[SourceVersionDate "2008.06.24"]
[SourceQuality "1"]

1. e4 e6 2. d4 d5 3. Nc3 Bb4 4. e5 c5 5. a3 Bxc3+ 6. bxc3 Ne7 7. a4 Nbc6 8. Nf3 Bd7 9. Be2 Qa5 10. Qd2 c4 11. 0-0 f6 12. Ba3 0-0-0 13. Rfb1 Rde8 14. Rb5 Qa6 15. Rab1 b6 16. R5b2 fxe5 17. Nxe5 Nxe5 18. dxe5 Nc6 19. Bd6 Qxa4 20. f4 g6 21. Qe1 Qa6 22. Ra1 Qb7 23. Qh4 h5 24. Qf6 Reg8 1/2-1/2